Ile piosenek kukona rozpoznasz po tekstach - Statystyki

Ogólne statystyki
  • Ten quiz został rozwiązany 2 898 razy
  • Średni wynik to 6 z 15
Statystyki odpowiedzi
Hint Odpowiedź % Poprawnych
Życzę ci udanych wakacji i naprawdę udanego życia Letni romans
62%
Ostatnio tego więcej i stała się młodą damą Kocham cię
60%
Wszyscy wygięci jak matrix Bliźniaczki
59%
Znowu lecimy na koncert do wro No to wio!
51%
Narazie nie mogę cię kochać Będziemy mieć dom, malutki dom
49%
Zabij mnie bo nie możemy dłużej tak grać Zabiłaś mnie
44%
Ma to w kut**ie kukon wieczny paranoik Pamiątka z Paryża
42%
Wiele czasu kosztowało mnie to abym się tu pojawił HARD FLEX DRIVE
36%
Tu twój stały klient mam szalone życie i nową dziewczynę Diamond fetish
30%
Przesypiam trzeci dzień, zarywam piąta noc S**s w ciuchach
30%
Świetny plan miałaś na mój nowy rok Co się dzieje
26%
Młoda dama tańczy sama w ciszy tak jak piękny syf Maskotka
26%
I tym razem to nie s**s tylko pies mnie skuł Tango argentino
24%
Jestem na bloku z nią znowu mam ciemny film Za młody na grzech
24%
Przenocuj mnie proszę zostaw narkotyki Funny games
18%
Nie znaleziono quizów pasujących do podanych kryteriów
Rozkład punktacji
Procent ludzi z każdym wynikiem
Percentyl według liczby udzielonych odpowiedzi
Twoja historia wyników
Nie rozwiązałeś tego quizu